| 000 | 00771nam a2200229 i 4500 | ||
|---|---|---|---|
| 001 | 147204 | ||
| 003 | ES-MaACL | ||
| 005 | 20250831022016.0 | ||
| 007 | t| | ||
| 008 | 070924s1960 sp ||||1| spa d | ||
| 080 | _a973 | ||
| 080 | _a910.4(73-15) | ||
| 100 | 1 |
_aTurner, Frederick Jackson. _9111729 |
|
| 245 | 1 | 3 |
_aLa frontera en la historia americana / _cFrederick Jackson Turner ; [lo tradujo del inglés Rafael Cremades Cepa]. |
| 260 |
_aMadrid : _bCastilla, _c[1960] |
||
| 300 |
_a326 p. : _bil. ; _c21 cm. |
||
| 651 | 4 |
_aEstados Unidos- _xHistoria _98540 |
|
| 651 | 4 |
_aOeste (Estados Unidos)- _xDescubrimientos y exploraciones _99127 |
|
| 700 | 1 |
_aCremades Cepa, Rafael. _941484 |
|
| 852 |
_aES-MaACL _jC-19668 _bR.47511 |
||
| 999 |
_c147204 _d147204 |
||